Normal view
MARC view
Entry Personal Name
001 - CONTROL NUMBER
- control field: 49370
003 - CONTROL NUMBER IDENTIFIER
- control field: ARRUPE
005 - DATE AND TIME OF LATEST TRANSACTION
- control field: 20200205092204.0
008 - FIXED-LENGTH DATA ELEMENTS
- fixed length control field: 200205|| aca||aabn | a|a d
040 ## - CATALOGING SOURCE
- Original cataloging agency: ARRUPE
- Transcribing agency: ARRUPE
100 ## - HEADING--PERSONAL NAME
- Personal name: Edward
- Numeration: VII,
- Titles and other words associated with a name: King of Great Britain,
- Dates associated with a name: 1841-1910.
670 ## - SOURCE DATA FOUND
- Source citation: Work cat.: (ARRUPE)0: Brook-Shepherd, Gordon, 1918-2004. 49369, Uncle of Europe /, 1975.